[Event "Carballo Concello 4th"]
[Site "Carballo"]
[Date "2021.09.03"]
[Round "3"]
[White "Lema Garcia, Ramiro"]
[Black "Del Prado Rodriguez, Xulio"]
[Result "0-1"]
[WhiteElo "1662"]
[BlackElo "2279"]
[PlyCount "66"]
[EventDate "2021.09.01"]
[EventType "swiss"]
[EventRounds "9"]
[EventCountry "ESP"]
[SourceTitle "EXT 2022"]
[Source "ChessBase"]
[SourceDate "2021.10.06"]
[SourceVersion "1"]
[SourceVersionDate "2021.10.06"]
[SourceQuality "1"]

1. e4 c5 2. Nf3 d6 3. d4 cxd4 4. Nxd4 Nf6 5. Nc3 Nc6 6. Be3 e5 7. Nb3 Be7 8. f3 0-0 9. Qd2 a5 10. Na4 Be6 11. Nb6 a4 12. Nc1 a3 13. b3 d5 14. exd5 Nxd5 15. Nxd5 Bxd5 16. Bd3 Bh4+ 17. Bf2 Bxf2+ 18. Qxf2 Qa5+ 19. Qd2 Qc5 20. Ne2 Rfd8 21. Qc3 Qb6 22. 0-0-0 Rac8 23. Bc4 Na5 24. Qxe5 Bxc4 25. Rxd8+ Rxd8 26. bxc4 Nxc4 27. Qc3 Nd2 28. Qxd2 Qb2+ 29. Kd1 Rxd2+ 30. Kxd2 Qxa2 31. Nc3 Qc4 32. Re1 Qd4+ 33. Kc1 g6 0-1